<?xml version="1.0" encoding="UTF-8"?>
<record
    xmlns:xsi="http://www.w3.org/2001/XMLSchema-instance"
    xsi:schemaLocation="http://www.loc.gov/MARC21/slim http://www.loc.gov/standards/marcxml/schema/MARC21slim.xsd"
    xmlns="http://www.loc.gov/MARC21/slim">

  <leader>00246nam a2200109Ia 4500</leader>
  <controlfield tag="008">191206s9999    xx            000 0 und d</controlfield>
  <datafield tag="020" ind1=" " ind2=" ">
    <subfield code="a">9.78818E+12</subfield>
  </datafield>
  <datafield tag="090" ind1=" " ind2=" ">
    <subfield code="a">BF20460954</subfield>
  </datafield>
  <datafield tag="245" ind1=" " ind2="0">
    <subfield code="a">HANDBOOK OF TEAM WORKING</subfield>
  </datafield>
  <datafield tag="250" ind1=" " ind2=" ">
    <subfield code="a">1ST</subfield>
  </datafield>
  <datafield tag="260" ind1=" " ind2=" ">
    <subfield code="c">c2003</subfield>
  </datafield>
  <datafield tag="999" ind1=" " ind2=" ">
    <subfield code="c">16117</subfield>
    <subfield code="d">16117</subfield>
  </datafield>
  <datafield tag="952" ind1=" " ind2=" ">
    <subfield code="0">0</subfield>
    <subfield code="1">0</subfield>
    <subfield code="2">lcc</subfield>
    <subfield code="4">0</subfield>
    <subfield code="7">0</subfield>
    <subfield code="a">Byo</subfield>
    <subfield code="b">Byo</subfield>
    <subfield code="d">2019-12-06</subfield>
    <subfield code="i">CUB000986</subfield>
    <subfield code="l">0</subfield>
    <subfield code="o">BF20460954</subfield>
    <subfield code="p">BBK000789</subfield>
    <subfield code="r">2025-04-03</subfield>
    <subfield code="w">2019-12-06</subfield>
    <subfield code="y">OS</subfield>
  </datafield>
</record>
